000 00403nam a2200133 4500
008 171109b xxu||||| |||| 00| 0 eng d
022 _a01181831
082 _aDPer 613.05 H34 Jul-Nov 2013
245 _aProtein: the secret to losing weight?/
260 _aPhilippines:
_bMIMS Pte Ltd KDN,
_cc2013.
300 _apage 27:
_billustrations;
_c28 cm.
650 0 _923174
_aWeight lose.
942 _2ddc
_cPER
999 _c7702
_d7702